000 01256nam a22003617a 4500
003 CHAP
005 20220329134234.0
008 971013s1994 r 00010 d
010 _a17442
011 _a18414
035 _a22499
040 _cCHAP
090 _aTesis
100 0 0 _aMárquez Castillo, Joaquín.
_976300
245 _aEstudio general de freatimetría del Distrito de Riego 029 Xicotencatl para los años 1991 y 1992
260 _aChapingo, Méx. :
_bEl autor,
_c1994
300 _a98 h.
_e+ anexos
502 _aTesis (Ing. Agr. Esp. en Suelos) -- UACH. Departamento de Suelos
590 _aALEPH
_b10
_c20130110
_lUCH01
_h1240
590 _aBATCH-UPD
_b10
_c20130110
_lUCH01
_h2000
590 _aBATCH-UPD
_b10
_c20130410
_lUCH01
_h1320
590 _aBATCH-UPD
_b10
_c20130914
_lUCH01
_h1220
590 _aCONVERSION
_b10
_c20130109
_lUCH01
_h1311
650 1 4 _aAgua subterranea
_xTamaulipas.
_92481
650 1 4 _aDistrito de Riego Xicotencatl, Tamps.
_932956
650 1 4 _aDrenaje
_xTamaulipas.
_934214
790 _aNivel freático
901 _aBK
942 _cFOLL
949 _bBC
_cTES
_d-52763
_eTS1
_h26909
_i22499
_si
949 _bBC
_cTES
_d-52764
_eTS2
_fc.2
_h26910
_i22499
_si
949 _bBC
_cTES
_d-52765
_eTS2
_fc.3
_h26911
_i22499
_si
999 _c17442
_d17442